[Event "13th SRB-chW 2019"]
[Site "Beograd"]
[Date "2019.05.14"]
[Round "9.3"]
[White "Gajcin, Marina"]
[Black "Chelushkina, Irina"]
[Result "1/2-1/2"]
[WhiteElo "2299"]
[BlackElo "2272"]
[Annotator "ChessBase"]
[PlyCount "66"]
[EventDate "2019.05.06"]
[EventCountry "SRB"]
[SourceTitle "playchess.com"]
[Source "ChessBase"]
[SourceQuality "1"]

1. e4 c5 2. Nf3 e6 3. c4 Qb6 4. Nc3 Nc6 5. Be2 d6 6. Rb1 Bd7 7. a3 Nf6 8. O-O Be7 9. b4 cxb4 10. d4 a5 11. d5 Ne5 12. Qb3 exd5 13. exd5 Nxf3+ 14. Bxf3 Bf5 15. Qa4+ Nd7 16. Be4 Bxe4 17. Nxe4 Qd8 18. axb4 O-O 19. bxa5 Rxa5 20. Qb4 Ne5 21. Be3 Ra8 22. Nd2 f5 23. Qxb7 Rc8 24. Bb6 Qe8 25. Rbe1 Rb8 26. Qa6 Ra8 27. Qb5 Qxb5 28. cxb5 Rab8 29. Bd4 Rxb5 30. Bxe5 dxe5 31. Rxe5 Bd6 32. Re2 Rxd5 33. Nc4 Rd4 1/2-1/2

[Event "13th SRB-chW 2019"]
[Site "Beograd"]
[Date "2019.05.14"]
[Round "9.4"]
[White "Blagojevic, Tijana"]
[Black "Eric, Jovana"]
[Result "0-1"]
[WhiteElo "2174"]
[BlackElo "2221"]
[Annotator "ChessBase"]
[PlyCount "96"]
[EventDate "2019.05.06"]
[EventCountry "SRB"]
[SourceTitle "playchess.com"]
[Source "ChessBase"]
[SourceQuality "1"]

1. e4 c5 2. Nf3 d6 3. Bb5+ Nd7 4. c3 Ngf6 5. Qe2 a6 6. Ba4 b5 7. Bc2 Bb7 8. d4 cxd4 9. cxd4 e5 10. d5 Nb6 11. O-O g6 12. Ne1 Bg7 13. Bd2 O-O 14. Ba5 Nfd7 15. a4 bxa4 16. Rxa4 Qb8 17. Rb4 Nc8 18. Nd2 Na7 19. Ba4 Nc5 20. b3 Nb5 21. Nc4 Nd4 22. Qg4 f5 23. exf5 gxf5 24. Qg5 Ne4 25. Qh4 Ra7 26. f3 Bf6 27. Qh3 Ng5 28. Qh6 f4 29. g4 fxg3 30. hxg3 Nf5 31. Qh2 Qc8 32. Bb6 Ra8 33. g4 Nh4 34. Nxd6 Qc3 35. Rc4 Ngxf3+ 36. Nxf3 Nxf3+ 37. Rxf3 Qxf3 38. Nxb7 Bg5 39. Qg2 Be3+ 40. Kh2 Bxb6 41. Qxf3 Rxf3 42. Rc6 Be3 43. d6 Raf8 44. d7 Rf2+ 45. Kh1 Rf1+ 46. Kh2 R8f2+ 47. Kh3 Rf3+ 48. Kg2 R1f2+ 0-1

[Event "13th SRB-chW 2019"]
[Site "Beograd"]
[Date "2019.05.14"]
[Round "9.5"]
[White "Velikic, Adela"]
[Black "Bojicic, Andjela"]
[Result "1-0"]
[WhiteElo "2323"]
[BlackElo "2105"]
[Annotator "TA"]
[PlyCount "49"]
[EventDate "2019.05.06"]
[EventCountry "SRB"]
[SourceTitle "playchess.com"]
[Source "ChessBase"]
[SourceQuality "1"]

{[%evp 30,49,53,45,49,36,141,137,143,143,286,279,273,271,412,322,526,526,648,629,816,806]} 1. d4 Nf6 2. c4 g6 3. Nc3 Bg7 4. e4 d6 5. Nf3 O-O 6. Be2 e5 7. O-O Nc6 8. d5 Ne7 9. b4 a5 10. bxa5 Rxa5 11. Nd2 Nd7 12. Nb3 Ra8 13. a4 f5 14. f3 b6 15. Be3 Nc5 16. a5 Kh8 {E97: King's Indian: Classical Main Line (6...e5 7 0-0 Nc6): 8 Be3 and 8 d5 Ne7, not 9 Ne1} (16... Bd7 17. Qc2 fxe4 18. fxe4 Rxf1+ 19. Bxf1 Kh8 20. Nxc5 dxc5 21. Qb2 Qb8 22. axb6 Rxa1 23. Qxa1 cxb6 24. Qb2 {½-½ (58) Gelfand,B (2733)-Morozevich,A (2741) Monte Carlo 2007}) 17. Ra2 $146 ({Predecessor:} 17. axb6 Rxa1 18. Qxa1 Nxb3 19. Qb2 Nd4 20. b7 Bxb7 21. Qxb7 Nxe2+ 22. Nxe2 fxe4 23. fxe4 Rxf1+ 24. Kxf1 {1-0 (49) Berend,F (2382)-Weisbuch,U (2306) Livigno 2010}) 17... Ba6 (17... fxe4 $14 18. fxe4 Nxb3 19. Qxb3 bxa5) 18. axb6 $16 cxb6 {White is clearly better.} 19. Nxc5 dxc5 (19... bxc5 $16 20. Qa1 Bb7) 20. Qa1 $18 Bb7 21. Rxa8 Bxa8 (21... Qxa8 $142 22. Qb2 Nc8) 22. Rb1 Qd6 $2 (22... Qc7 {might work better.} 23. Na4 Nc8) 23. Qa7 {White is clearly winning.} Qf6 24. Rxb6 Qh4 {[#] Threatens to win with ...Qe1+.} 25. g3 1-0